000 nam a22 7a 4500
999 _c9223
_d9223
008 180124b ||||| |||| 00| 0 eng d
100 _aRiordan J
_95481
245 _aMergan and his Friends
260 _c1973